Greenwashing a udržateľný marketing vo vybranom priemysle bakalárska práca

Guardado en:
Detalles Bibliográficos
Autor principal: Kaššayová, Petra
Autor Corporativo: Obchodná fakulta EU. Katedra marketingu
Otros Autores: Ševčíková, Renáta, 1982-
Formato: Libro
Lenguaje:eslovaco
Publicado: Bratislava 2023
Etiquetas: Agregar Etiqueta
Sin Etiquetas, Sea el primero en etiquetar este registro!

MARC

LEADER 00000nbm a2200000 4500
001 0294770
005 20231211140327.1
041 0 |a slo 
044 |a SK 
245 1 0 |a Greenwashing a udržateľný marketing vo vybranom priemysle  |b bakalárska práca  |c Petra Kaššayová ; školiteľ: Renáta Ševčíková 
264 1 |a Bratislava  |c 2023 
300 |a 59 s. 
100 1 |a Kaššayová, Petra 
700 1 |a Ševčíková, Renáta, 1982- 
710 2 |a Obchodná fakulta EU. Katedra marketingu